Statistiques concernant Traduction de Vocabulaire en Anglais A

Cliquez ici pour prendre le quiz!

Statistiques générales

  • Ce quiz a été pris 3 049 fois
  • Le résultat moyen est 175 sur 500

Statistiques - réponses

FrançaisAnglais% Correct
Frère (n.)B{rother}
99%
Enfant (n.)C{hild}
99%
Père (n.)F{ather}
98%
Mère (n.)M{other}
98%
Sœur (n.)S{ister}
98%
Oncle (n.)U{ncle}
98%
Soleil (n.)S{un}
96%
Lune (n.)M{oon}
95%
Salle de bain (n.)B{athroom}
94%
Maison (n.)H{ouse}
94%
Stylo (n.)P{en}
94%
Chambre (n.)B{edroom}
93%
Porte (n.)D{oor}
93%
Œil (n.)E{ye}
93%
Etoile (n.)S{tar}
93%
Eau (n.)W{ater}
93%
Fenêtre (n.)W{indow}
93%
Sac (n.)B{ag}
92%
Main (n.)H{and}
92%
Cheveux (n.)H{air}
91%
Nez (n.)N{ose}
91%
Chaise (n.)C{hair}
90%
Visage (n.)F{ace}
90%
Doigt (n.)F{inger}
90%
Pied (n.)F{oot}
90%
Lumière (n.)L{ight}
90%
Tête (n.)H{ead}
89%
Cœur (n.)H{eart}
89%
Couteau (n.)K{nife}
89%
Jambe (n.)L{eg}
88%
Jumeau (n.)T{win}
88%
Crayon (n.)P{encil}
87%
Oreille (n.)E{ar}
86%
Feu (n.)F{ire}
86%
Bouche (n.)M{outh}
86%
Jardin (n.)G{arden}
85%
Tante (n.)A{unt}
84%
Fromage (n.)C{heese}
83%
Sang (n.)B{lood}
82%
Peau (n.)S{kin}
82%
Forêt (n.)F{orest}
81%
Anneau (n.)R{ing}
81%
Vent (n.)W{ind}
81%
Lit (n.)B{ed}
80%
Genou (n.)K{nee}
80%
Cou (n.)N{eck}
80%
Sel (n.)S{alt}
79%
Frites (n.)F{ries}
78%
Montagne (n.)M{ountain}
78%
Ordinateur (n.)C{omputer}
77%
Assiette (n.)P{late}
77%
Chaussure (n.)S{hoe}
77%
Tomate (n.)T{omato}
77%
Guerre (n.)W{ar}
77%
Jambon (n.)H{am}
76%
Ongle (n.)N{ail}
76%
Huile (n.)O{il}
76%
Paix (n.)P{eace}
76%
Neige (n.)S{now}
76%
Banane (n.)B{anana}
75%
Couronne (n.)C{rown}
75%
Robe (n.)D{ress}
75%
Lunettes (n.)G{lasses}
75%
Pluie (n.)R{ain}
75%
Bleu (adj.)B{lue}
74%
Sol (n.)G{round}
74%
Rouge (adj.)R{ed}
74%
Epaule (n.)S{houlder}
74%
Parapluie (n.)U{mbrella}
74%
Mariage (n.)W{edding}
74%
Fleur (n.)F{lower}
73%
Vert (adj.)G{reen}
73%
Cuiller (n.)S{poon}
73%
Légume (n.)V{egetable}
73%
Noir (adj.)B{lack}
72%
Fourchette (n.)F{ork}
72%
Rose (adj.)P{ink}
72%
Arbre (n.)T{ree}
72%
Pastèque (n.)W{atermelon}
72%
Blanc (adj.)W{hite}
72%
Jaune (adj.)Y{ellow}
72%
Gâteau (n.)C{ake}
71%
Salade (n.)S{alad}
71%
Célibataire (adj.)S{ingle}
71%
Voiture (n.)C{ar}
70%
Nuage (n.)C{loud}
70%
Nombre (n.)N{umber}
70%
Poivre (n.)P{epper}
70%
Chaussette (n.)S{ock}
70%
Epice (n.)S{pice}
70%
Estomac (n.)S{tomach}
70%
Fraise (n.)S{trawberry}
70%
Gris (adj.)G{rey}
69%
Jouet (n.)T{oy}
69%
Brun (adj.)B{rown}
68%
Calendrier (n.)C{alendar}
68%
Jardinier (n.)G{ardener}
68%
Voisin (n.)N{eighbor}
68%
Toit (n.)R{oof}
67%
Saucisse (n.)S{ausage}
67%
Vélo (n.)B{icycle}
66%
Cerise (n.)C{herry}
66%
Pomme de terre (n.)P{otato}
66%
Tempète (n.)S{torm}
65%
Cochon (n.)P{ig}
64%
Araignée (n.)S{pider}
64%
Carotte (n.)C{arrot}
63%
Poisson (n.)F{ish}
62%
Jupe (n.)S{kirt}
62%
Haricot (n.)B{ean}
61%
Chat (n.)C{at}
61%
Chien (n.)D{og}
61%
Volcan (n.)V{olcano}
61%
Biscuit (n.)B{iscuit}
60%
Lion (n.)L{ion}
60%
Ours (n.)B{ear}
59%
Botte (n.)B{oot}
59%
Fleuve (n.)R{iver}
59%
Loup (n.)W{olf}
59%
Serpent (n.)S{nake}
58%
Oiseau (n.)B{ird}
57%
Cheval (n.)H{orse}
57%
Valise (n.)S{uitcase}
57%
Herbe (n.)G{rass}
56%
Oreiller (n.)P{illow}
56%
Chauve-souris (n.)B{at}
55%
Renard (n.)F{ox}
55%
Gomme (n.)R{ubber}
55%
Vache (n.)C{ow}
54%
Ciseaux (n.)S{cissors}
54%
Chemise (n.)S{hirt}
54%
Avion (n.)A{irplane}
53%
Chèvre (n.)G{oat}
52%
Fusée (n.)R{ocket}
52%
Fumée (n.)S{moke}
52%
Colline (n.)H{ill}
50%
Citrouille (n.)P{umpkin}
50%
Ceinture (n.)B{elt}
49%
Poumon (n.)L{ung}
49%
Camion (n.)T{ruck}
49%
Ail (n.)G{arlic}
48%
Gant (n.)G{love}
48%
Or (métal) (n.)G{old}
48%
Lundi (n.)M{onday}
47%
Pouce (doigt) (n.)T{humb}
47%
Pantalon (n.)T{rousers}
47%
Tapis (n.)C{arpet}
46%
Meuble (n.)F{urniture}
45%
Mardi (n.)T{uesday}
45%
Bœuf (n.)B{eef}
44%
Menton (n.)C{hin}
44%
Mouton (n.)S{heep}
44%
Vendredi (n.)F{riday}
43%
Samedi (n.)S{aturday}
43%
Dimanche (n.)S{unday}
43%
Zèbre (n.)Z{ebra}
43%
Janvier (n.)J{anuary}
42%
Jeudi (n.)T{hursday}
42%
Avril (n.)A{pril}
41%
Mars (n.)M{arch}
41%
Four (n.)O{ven}
41%
Echarpe (n.)S{carf}
41%
Baleine (n.)W{hale}
41%
Poignet (n.)W{rist}
41%
Février (n.)F{ebruary}
40%
Mai (n.)M{ay}
40%
Argent (métal) (n.)S{ilver}
40%
Mercredi (n.)W{ednesday}
40%
Août (n.)A{ugust}
39%
Girafe (n.)G{iraffe}
39%
Juin (n.)J{une}
39%
Chaton (n.)K{itten}
39%
Moto (n.)M{otorbike}
39%
Septembre (n.)S{eptember}
39%
Décembre (n.)D{ecember}
38%
Juillet (n.)J{uly}
38%
Novembre (n.)N{ovember}
38%
Octobre (n.)O{ctober}
38%
Jour (n.)D{ay}
36%
Moustique (n.)M{osquito}
36%
Année (n.)Y{ear}
36%
Noël (n.)C{hristmas}
35%
Grippe (n.)F{lu}
35%
Chiot (n.)P{uppy}
35%
Mois (n.)M{onth}
34%
Poubelle (n.)G{arbage} {can}
33%
Méduse (n.)J{ellyfish}
33%
Anniversaire (n.)B{irthday}
32%
Beurre (n.)B{utter}
32%
Bonjour (n.)H{ello}
32%
Blague (n.)J{oke}
32%
Mémoire (n.)M{emory}
32%
Naissance (n.)B{irth}
31%
Cheminée (n.)C{himney}
31%
Au revoir (n.)G{oodbye}
31%
Jamais (adv.)N{ever}
31%
Chanson (n.)S{ong}
31%
Merci (n.)T{hank} {you}
31%
Armoire (n.)W{ardrobe}
31%
Toujours (adv.)A{lways}
30%
Père Noël (n.)S{anta} {Claus}
30%
Cochon d'Inde (n.)G{uinea} {pig}
29%
Hyène (n.)H{yena}
29%
Très (adv.)V{ery}
29%
Estuaire (n.)E{stuary}
28%
Marteau (n.)H{ammer}
28%
Casque (n.)H{elmet}
28%
Lézard (n.)L{izard}
28%
Souvent (adv.)O{ften}
28%
Un (chiffre) (n.)O{ne}
28%
Parfois (adv.)S{ometimes}
28%
Trois (n.)T{hree}
28%
Deux (n.)T{wo}
28%
Taureau (animal) (n.)B{ull}
27%
Cinq (n.)F{ive}
27%
Quatre (n.)F{our}
27%
Verre (n.)G{lass}
27%
Confiture (n.)J{am}
27%
Sept (n.)S{even}
27%
Six (n.)S{ix}
27%
Bras (n.)A{rm}
26%
Huit (n.)E{ight}
26%
Onze (n.)E{leven}
26%
Neuf (n.)N{ine}
26%
Dix (n.)T{en}
26%
Douze (n.)T{welve}
25%
Armure (n.)A{rmor}
24%
Eglise (n.)C{hurch}
24%
Quatorze (n.)F{ourteen}
24%
Agneau (n.)L{amb}
24%
Dix-huit (n.)E{ighteen}
23%
Dix-neuf (n.)N{ineteen}
23%
Dix-sept (n.)S{eventeen}
23%
Seize (n.)S{ixteen}
23%
Dent (n.)T{ooth}
23%
Vingt (n.)T{wenty}
23%
Froid (adj.)C{old}
22%
Quinze (n.)F{ifteen}
22%
Chaud (adj.)H{ot}
22%
Pantoufle (n.)S{lipper}
22%
Epinard (n.)S{pinach}
22%
(le) Meilleur (adj.)(the) B{est}
22%
Treize (n.)T{hirteen}
22%
Aujourd'hui (adv.)T{oday}
22%
Langue (organe) (n.)T{ongue}
22%
Quand (adv.)W{hen}
22%
Où (adv.)W{here}
22%
Hier (adv.)Y{esterday}
22%
Mieux (adv. adj.)B{etter}
21%
Bouteille (n.)B{ottle}
21%
Quatre-vingt (n.)E{ighty}
21%
Cinquante (n.)F{ifty}
21%
Cent (n.)H{undred}
21%
Matin (n.)M{orning}
21%
Quatre-vingt-dix (n.)N{inety}
21%
Non (adv.)N{o}
21%
Nord (n.)N{orth}
21%
Ou (conj.)O{r}
21%
Soixante-dix (n.)S{eventy}
21%
Soixante (n.)S{ixty}
21%
Sud (n.)S{outh}
21%
Trente (n.)T{hirty}
21%
Mille (n.)T{housand}
21%
Demain (adv.)T{omorrow}
21%
Ouest (n.)W{est}
21%
Oui (adv.)Y{es}
21%
Après-midi (n.)A{fternoon}
20%
Être (v.)B{e}
20%
Abeille (n.)B{ee}
20%
Grand (n.)B{ig}
20%
Cerveau (n.)B{rain}
20%
Poulet (n.)C{hicken}
20%
Heureux (adj.)H{appy}
20%
Si (conj.)I{f}
20%
Roi (n.)K{ing}
20%
Gauche (n.)L{eft}
20%
Courrier (n.)M{ail}
20%
Reine (n.)Q{ueen}
20%
Lire (v.)R{ead}
20%
Triste (adj.)S{ad}
20%
Mer (n.)S{ea}
20%
Voir (v.)S{ee}
20%
Sérieux (adj.)S{erious}
20%
Dormir (v.)S{leep}
20%
Petit (n.)S{mall}
20%
En colère (adj.)A{ngry}
19%
Bière (n.)B{eer}
19%
Appeler (v.)C{all}
19%
Venir (v.)C{ome}
19%
Pleurer (v.)C{ry}
19%
Danser (v.)D{ance}
19%
Rêve (n.)D{ream}
19%
Canard (n.)D{uck}
19%
Manger (v.)E{at}
19%
Soir (n.)E{vening}
19%
Faux (adj.)F{alse}
19%
Grenouille (n.)F{rog}
19%
Aller (v.)G{o}
19%
Avoir (v.)H{ave}
19%
Corne (n.)H{orn}
19%
Île (n.)I{sland}
19%
Sauter (v.)J{ump}
19%
Tuer (v.)K{ill}
19%
Savoir (v.)K{now}
19%
Minuit (n.)M{idnight}
19%
Rien (pron.)N{othing}
19%
Jouer (v.)P{lay}
19%
Courir (v.)R{un}
19%
Timide (adj.)S{hy}
19%
Chanter (v.)S{ing}
19%
Eponge (n.)S{ponge}
19%
Vrai (adj.)T{rue}
19%
Comprendre (v.)U{nderstand}
19%
Vin (n.)W{ine}
19%
Ecrire (v.)W{rite}
19%
Devenir (v.)B{ecome}
18%
Mourir (v.)D{ie}
18%
Rapide (adj.)F{ast}
18%
Quarante (n.)F{orty}
18%
Entendre (v.)H{ear}
18%
Montgolfière (n.)H{ot} {air} {balloon}
18%
Rire (v.)L{augh}
18%
Apprendre (v.)L{earn}
18%
Ecouter (v.)L{isten}
18%
Vivre (v.)L{ive}
18%
Sourire (v.)S{mile}
18%
Nager (v.)S{wim}
18%
Enseigner (v.)T{each}
18%
Penser (v.)T{hink}
18%
Répondre (v.)A{nswer}
17%
Construire (v.)B{uild}
17%
Ressentir (v.)F{eel}
17%
Voler (v.)F{ly}
17%
Fantôme (n.)G{host}
17%
Sirène (n.)M{ermaid}
17%
Clou (n.)N{ail}
17%
Route (n.)R{oad}
17%
Sable (n.)S{and}
17%
Fils (n.)S{on}
17%
Espion (n.)S{py}
17%
Commencer (v.)S{tart}
17%
Arrêter (v.)S{top}
17%
Rue (n.)S{treet}
17%
Larme (n.)T{ear}
17%
Bébé (n.)B{aby}
16%
Pain (n.)B{read}
16%
Annuler (v.)C{ancel}
16%
Mouche (n.)F{ly}
16%
Grandir (v.)G{row}
16%
Enfer (n.)H{ell}
16%
Amoureux (n.)L{over}
16%
Champignon (n.)M{ushroom}
16%
Cauchemar (n.)N{ightmare}
16%
Maintenant (adv.)N{ow}
16%
Ouvrir (v.)O{pen}
16%
Soldat (n.)S{oldier}
16%
Âme (n.)S{oul}
16%
Après (adv.)A{fter}
15%
Horloge (n.)C{lock}
15%
Fermer (v.)C{lose}
15%
Cuivre (n.)C{opper}
15%
Couper (v.)C{ut}
15%
Bijou (n.)J{ewel}
15%
Mélanger (v.)M{ix}
15%
Sieste (n.)N{ap}
15%
Prier (v.)P{ray}
15%
Riz (n.)R{ice}
15%
Scie (n.)S{aw}
15%
Ciel (n.)S{ky}
15%
Sentir (v.)S{mell}
15%
Equipe (n.)T{eam}
15%
Avertissement (n.)W{arning}
15%
Travailler (v.)W{ork}
15%
Avant (adv.)B{efore}
14%
Saigner (v.)B{leed}
14%
Patron (n.)B{oss}
14%
Boîte (n.)B{ox}
14%
Chandelle (n.)C{andle}
14%
Nettoyer (v.)C{lean}
14%
Ami (n.)F{riend}
14%
Raisin (n.)G{rape}
14%
Paradis (n.)H{eaven}
14%
Lourd (adj.)H{eavy}
14%
Mari (n.)H{usband}
14%
Bisou (n.)K{iss}
14%
Léger (adj.)L{ight}
14%
Prêtre (n.)P{riest}
14%
Effrayé (adj.)S{cared}
14%
Tournevis (n.)S{crewdriver}
14%
Rester (v.)S{tay}
14%
Marcher (v.)W{alk}
14%
Vouloir (v.)W{ant}
14%
Sorcière (n.)W{itch}
14%
Parce que (conj.)B{ecause}
13%
Garçon (n.)B{oy}
13%
Respirer (v.)B{reathe}
13%
Fou (adj.)M{ad}
13%
Souris (n.)M{ouse}
13%
Musique (n.)M{usic}
13%
Saison (n.)S{eason}
13%
Savon (n.)S{oap}
13%
Sucre (n.)S{ugar}
13%
Semaine (n.)W{eek}
13%
Pourquoi (adv.)W{hy}
13%
Corps (n.)B{ody}
12%
Acheter (v.)B{uy}
12%
Dauphin (n.)D{olphin}
12%
Œuf (n.)E{gg}
12%
Sourcil (n.)E{yebrow}
12%
Fée (n.)F{airy}
12%
Combat (n.)F{ight}
12%
Enfin (adv.)F{inally}
12%
Suivre (v.)F{ollow}
12%
Nourriture (n.)F{ood}
12%
Détester (v.)H{ate}
12%
Aide (n.)H{elp}
12%
Cuisine (n.)K{itchen}
12%
Tard (adv.)L{ate}
12%
Feuille (d'arbre) (n.)L{eaf}
12%
Viande (n.)M{eat}
12%
Musée (n.)M{useum}
12%
Nouveau (adj.)N{ew}
12%
Journal (n.)N{ewspaper}
12%
Noix (n.)N{ut}
12%
Vieux (adj.)O{ld}
12%
Affiche (n.)P{oster}
12%
Ficelle (n.)S{tring}
12%
Sucré (adj.)S{weet}
12%
Raconter (v.)T{ell}
12%
Orteil (n.)T{oe}
12%
Mur (n.)W{all}
12%
Bienvenue (interj.)W{elcome}
12%
Bois (n.)W{ood}
12%
Monde (n.)W{orld}
12%
Jeune (adj.)Y{oung}
12%
Tomber (v.)F{all}
11%
Liberté (n.)F{reedom}
11%
Espérer (v.)H{ope}
11%
Encre (n.)I{nk}
11%
Seigneur (n.)L{ord}
11%
Neveu (n.)N{ephew}
11%
Pieuvre (n.)O{ctopus}
11%
Rugir (v.)R{oar}
11%
Vendre (v.)S{ell}
11%
Ombre (n.)S{hadow}
11%
Boulangerie (n.)B{akery}
10%
Siècle (n.)C{entury}
10%
Tasse (n.)C{up}
10%
Creuser (v.)D{ig}
10%
Tôt (adv.)E{arly}
10%
Pâques (n.)E{aster}
10%
Plein (adj.)F{ull}
10%
Hauteur (n.)H{eight}
10%
Homard (n.)L{obster}
10%
Raton laveur (n.)R{accoon}
10%
Bélier (n.)R{am}
10%
Rouler (v.)R{oll}
10%
Cravate (n.)T{ie}
10%
Chute d'eau (n.)W{aterfall}
10%
Chuchoter (v.)W{hisper}
10%
Siffler (v.)W{histle}
10%
Souffler (v.)B{low}
9%
Citoyen (n.)C{itizen}
9%
Falaise (n.)C{liff}
9%
Profondeur (n.)D{epth}
9%
Goutte (n.)D{rop}
9%
Vide (adj.)E{mpty}
9%
Atterrir (v.)L{and}
9%
Plomb (n.)L{ead}
9%
Aimant (n.)M{agnet}
9%
Oignon (n.)O{nion}
9%
Hibou (n.)O{wl}
9%
Eternuer (v.)S{neeze}
9%
Trompette (n.)T{rumpet}
9%
Guèpe (n.)W{asp}
9%
Amer (adj.)B{itter}
8%
Lame (n.)B{lade}
8%
Grotte (n.)C{ave}
8%
Usine (n.)F{actory}
8%
Clavier (n.)K{eyboard}
8%
Longueur (n.)L{ength}
8%
Violon (n.)V{iolin}
8%
Couverture (n.)B{lanket}
7%
Cadavre (n.)C{orpse}
7%
Heureusement (adv.)F{ortunately}
7%
Etroit (adj.)N{arrow}
7%
Narine (n.)N{ostril}
7%
Gratte-ciel (n.)S{kyscraper}
7%
Acier (n.)S{teel}
7%
Balançoire (n.)S{wing}
7%
Balai (n.)B{room}
6%
Boucher (n.)B{utcher}
6%
Oser (v.)D{are}
6%
Hippocampe (n.)S{eahorse}
6%
Arroser (v.)W{ater}
6%
Aurore (n.)D{awn}
5%
Sauterelle (n.)G{rasshopper}
5%
Grue (n.)C{rane}
4%
Couvercle (n.)L{id}
4%
Crepuscule (n.)D{usk}
3%

Distribution des résultats

Percentile par nombre de réponses

% des personnes avec chaque résultat

Votre développement - résultats

Vous n’avez pas pris ce quiz